00449nam a2200169 a 450000100060000000300090000600800410001502000150005604000280007108200090009910000200010824500300012826000400015830000100019849000410020865000300024920171CO-ViMGA141112s2004 ck r 000 u spa d a9802572225 aCO-ViMGAbspacCO-ViMGA aFRAV1 aFrancia, Silvia10aLas vacaciones de Roberta aCaracas : bEdiciones Ekare, c1999 a32 p. aColección el jardin de los niños14aCUENTOS INFANTILES SUIZOS